ბათუმის შოთა რუსთაველის სახელმწიფო უნივერსიტეტის ბიბლიოთეკა

История финансовой мысли и политики налогов (ბიბ.ჩანაწერი № 37089)

000 -LEADER
fixed length control field 00799nam a2200265Ia 4500
001 - CONTROL NUMBER
control field 3045
003 - CONTROL NUMBER IDENTIFIER
control field GE_BSU
008 - FIXED-LENGTH DATA ELEMENTS--GENERAL INFORMATION
fixed length control field 181216s||||||||xx |||||||||||||| ||und||
020 ## - INTERNATIONAL STANDARD BOOK NUMBER
International Standard Book Number 5862253033
040 ## - CATALOGING SOURCE
Transcribing agency GE_BSU
080 ## - UNIVERSAL DECIMAL CLASSIFICATION NUMBER
Universal Decimal Classification number 336.02(075.8)
100 ## - MAIN ENTRY--PERSONAL NAME
Personal name Пушкарев, В. М.
245 ## - TITLE STATEMENT
Title История финансовой мысли и политики налогов
245 ## - TITLE STATEMENT
Remainder of title Учебное пособие.
245 ## - TITLE STATEMENT
Statement of responsibility, etc. Ред. Л.В. Бобылева
260 ## - PUBLICATION, DISTRIBUTION, ETC.
Place of publication, distribution, etc. Москва
260 ## - PUBLICATION, DISTRIBUTION, ETC.
Name of publisher, distributor, etc. ИНФРА-М
260 ## - PUBLICATION, DISTRIBUTION, ETC.
Date of publication, distribution, etc. 1996
300 ## - PHYSICAL DESCRIPTION
Extent 192 ст.21 см.
653 ## - INDEX TERM--UNCONTROLLED
Uncontrolled term История финансовой мысли и политики налогов
653 ## - INDEX TERM--UNCONTROLLED
Uncontrolled term Экономика
653 ## - INDEX TERM--UNCONTROLLED
Uncontrolled term ეკონომიკა
942 ## - ADDED ENTRY ELEMENTS (KOHA)
Koha item type წიგნი
ეგზემპლარები
Withdrawn status Lost status Damaged status Not for loan Date acquired Barcode Date last seen Price effective from Koha item type Public note
        2018-12-17 7871 2018-12-17 2018-12-17 წიგნი დარბაზი
        2018-12-17 7872 2018-12-17 2018-12-17 წიგნი დარბაზი
        2018-12-17 8193 2018-12-17 2018-12-17 წიგნი დარბაზი
        2018-12-17 8194 2018-12-17 2018-12-17 წიგნი დარბაზი
        2018-12-17 8195 2018-12-17 2018-12-17 წიგნი დარბაზი
        2018-12-17 8196 2018-12-17 2018-12-17 წიგნი დარბაზი
        2018-12-17 8197 2018-12-17 2018-12-17 წიგნი დარბაზი